O conto da Ilha desconhecida (Registo nº 1596)

Detalhes MARC
000 -Etiqueta do registo
Cabeçalho 00884nam0a2200301 4500
005 - Identificador da versão
Campo de controlo 20240813121840.0
010 ## - Número internacional normalizado dos livros (ISBN)
Número (ISBN) 9789720726681
021 ## - Número do Depósito Legal
Código do país PT
Número 395736/15
003 - Persistent Record Identifier
control field http://id.bnportugal.gov.pt/bib/porbase/2719457
100 ## - Dados gerais de processamento
Dados gerais de processamento 20200302d2015 d y0pory50030103ba
102 ## - Pais de publicação ou produção
País de publicação Portugal
101 0# - Língua de publicação
Língua do texto, banda sonora, etc. Português
106 ## - Campo de dados codificados: material textual
Dados codificados do material textual r
215 ## - Descrição física 
Indicação específica da natureza do documento e extensão da espécie 63 p.
Outras indicações físicas il. color
200 1# - Titulo e menção de responsabilidade
Título próprio O conto da Ilha desconhecida
Primeira menção de responsabilidade José Saramago
Outras menções de responsabilidade il. Fatinha Ramos
225 2# - Colecção 
Título próprio da colecção Educação literária
205 ## - Menção da edição
Menção da edição [1ª ed.]
210 ## - Publicação, Distribuição, etc. 
Lugar da edição, distribuição, etc. Porto
Nome do editor, distribuidor, etc. Porto ed.
Data da publicação, distribuição, etc. 2015
300 ## - Notas gerais 
Texto da nota Plano Nacional de Leitura
606 ## - Nome comum usado como assunto
Número de registo de entrada de autoridade 0002010
Palavra de ordem Literatura portuguesa
Subdivisão de assunto Conto
Código do sistema Ca
675 ## - Classificação Decimal Universal (CDU)
Notação 821.134.3-34
Edição 3ª ed.
Língua da edição por
702 #1 - Nome de autor-pessoa física (responsabilidade secundária)
Número de registo de entrada de autoridade 0003185
Palavra de ordem Ramos
Outra parte do nome não tomada para palavra de ordem Fatinha
Código de função Ilustrador / Técnico de desenho computorizado
700 #1 - Nome de autor-pessoa física (responsabilidade principal)
Número de registo de entrada de autoridade 0002615
Palavra de ordem Saramago
Outra parte do nome não tomada para palavra de ordem José
Datas 1922-2010
966 ## - Identificação da Biblioteca
Sigla EB2,3ENM
942 ## - Elementos de entrada adicionados (Koha)
Tipo de item no Koha Livro
Exemplares
Situação do levantamento Origin of item (home branch) (coded) Biblioteca de empréstimo Código de barras Cota Circulation type (not for loan) Tipo de documento Nota do exemplar Damaged status
  Biblioteca Escolar Eng. Nuno Mergulhão Biblioteca Escolar Eng. Nuno Mergulhão BENM3779 82LP-34 SAR PNL   Livro Sem mensagem